[Event "Feffernitz Raika op 13th"]
[Site "Feffernitz"]
[Date "2004.08.15"]
[Round "1"]
[White "Rau, Hannes"]
[Black "Zaske, Lothar"]
[Result "1-0"]
[WhiteElo "2367"]
[BlackElo "1886"]
[PlyCount "47"]
[EventDate "2004.08.14"]
[EventType "swiss"]
[EventRounds "9"]
[EventCountry "AUT"]
[SourceTitle "EXT 2005"]
[Source "ChessBase"]
[SourceDate "2004.11.15"]
[SourceVersion "1"]
[SourceVersionDate "2004.11.15"]
[SourceQuality "1"]

1. d4 d5 2. c4 e6 3. Nc3 Nf6 4. cxd5 exd5 5. Bg5 Be7 6. e3 0-0 7. Bd3 Be6 8. Nge2 Nh5 9. Bxe7 Qxe7 10. Qc2 Nf6 11. h3 Nc6 12. a3 a6 13. g4 g6 14. Nf4 Rad8 15. 0-0-0 Na7 16. g5 Ne8 17. h4 c5 18. dxc5 Qxc5 19. h5 d4 20. hxg6 dxc3 21. gxf7+ Kxf7 22. Rxh7+ Ng7 23. Bg6+ Kg8 24. Rxg7+ 1-0